EFFECTS OF CORPORATE INCOME TAXES ON METHODS OF FINANCING (Record no. 475277)

MARC details
000 -LEADER
fixed length control field 00538nam a2200181Ia 4500
008 - FIXED-LENGTH DATA ELEMENTS--GENERAL INFORMATION
fixed length control field 100315s9999 xx 000 0 und d
082 ## - DEWEY DECIMAL CLASSIFICATION NUMBER
Item number 542 
100 ## - MAIN ENTRY--PERSONAL NAME
Personal name "MOHSIN, MOHAMMAD "
245 ## - TITLE STATEMENT
Title EFFECTS OF CORPORATE INCOME TAXES ON METHODS OF FINANCING
260 ## - PUBLICATION, DISTRIBUTION, ETC. (IMPRINT)
Date of publication, distribution, etc 1969 
300 ## - PHYSICAL DESCRIPTION
Extent 32P 
365 ## - TRADE PRICE
Price note Aus.Sch. 
Unit of pricing
Price amount 1.50 
366 ## - TRADE AVAILABILITY INFORMATION
Publishers' discount category
530 ## - ADDITIONAL PHYSICAL FORM AVAILABLE NOTE
Availability source -  
630 ## - SUBJECT ADDED ENTRY--UNIFORM TITLE
Uniform title EFFECTS OF CORPORATE INCOME TAXES ON METHODS OF FINANCING
730 ## - ADDED ENTRY--UNIFORM TITLE
Uniform title EFFECTS OF CORPORATE INCOME TAXES ON METHODS OF FINANCING
942 ## - ADDED ENTRY ELEMENTS (KOHA)
Koha item type Book
Holdings
Withdrawn status Lost status Damaged status Not for loan Home library Current library Date acquired Cost, normal purchase price Total Checkouts Full call number Barcode Date last seen Price effective from Koha item type
        Dr. V. N. Bedekar Institute of Management Studies Library Dr. V. N. Bedekar Institute of Management Studies Library 03/19/2010 1.50    /  542  VPMBRIMS-542  03/19/2010 03/19/2010 Book